| 000 | 00372nam a2200145Ia 4500 | ||
|---|---|---|---|
| 008 | 210210b1967 xxu||||| |||| 00| 0 eng d | ||
| 082 | _a551.9 KRAI | ||
| 100 | _aKRAUSKOPF (Konrad B). | ||
| 245 | _aIntroduction to geochemistry. | ||
| 260 |
_aNew York _bMcGraw Hill Book Co. _c1967 |
||
| 300 | _axiii,721 | ||
| 650 | _aGeochemistry | ||
| 690 | _aGeology | ||
| 906 | _a030969 | ||
| 999 |
_c82145 _d82145 |
||